| 000 | 00972cam a22003015a 4500 | ||
|---|---|---|---|
| 001 | 015839026 | ||
| 003 | OSt | ||
| 005 | 20201128023646.0 | ||
| 008 | 110617s2012 nyua frb 001 0 eng d | ||
| 020 | _a9780071086097 (pbk.) | ||
| 020 | _a0071086099 (pbk.) | ||
| 040 |
_aStDuBDS _beng _cStDuBDS _dUk _dEG-ScBUE |
||
| 082 | 0 | 4 |
_a658.152 _222 _bBLA |
| 100 | 1 |
_aBlank, Leland T. _92135 |
|
| 245 | 1 | 0 |
_aEngineering economy / _cLeland Blank, Anthony Tarquin. |
| 250 | _a7th ed., McGraw-Hill International ed. | ||
| 260 |
_aNew York : _bMcGraw-Hill, _c2012. |
||
| 300 |
_axx, 620 p. : _bill. ; _c28 cm. |
||
| 500 | _aText on inside covers. | ||
| 500 | _aIndex : p. 611-620. | ||
| 504 | _aIncludes bibliographical references. | ||
| 650 | 7 |
_aEngineering economy. _2BUEsh _92136 |
|
| 650 | 0 |
_aEngineering firms _xFinance. _2BUEsh |
|
| 653 |
_bENGGEN _cFebruary2016 |
||
| 690 | 7 |
_aManagement and Business Studies _2blcoll |
|
| 700 | 1 |
_aTarquin, Anthony J. _92140 |
|
| 942 | _2ddc | ||
| 999 |
_c21266 _d21238 |
||